00303nam a2200121Ia 4500008004100000041000800041082001700049100002000066245001800086260004700104300000900151999002100160231228s9999 xx 000 0 und d aeng a658.155bMUN aMUN (Johnathan) aModeling Risk aNew DelhibWiley India Pvt. Ltd. New Delhi a8003 c1092716d1092716